000 00578nam a2200181 i 4500
001 30808
003 ES-MaACL
005 20251118153123.0
007 t|
008 030127s1967 sp ||||1| spa d
100 1 _aBelleville, Pierre.
_927204
245 1 4 _aUna nueva clase obrera
_b: neocapitalismo y enajenación /
_cPierre Belleville ; [traducción por Alberto Méndez Borra].
260 _aMadrid :
_bTecnos,
_c[1967]
300 _a286 p. ;
_c23 cm.
700 1 _aMéndez, Alberto,
_d1941-2004
_9138659
852 _aES-MaACL
_jG-5525
_bR.65414
999 _c30808
_d30808